000 01080nam a22003017a 4500
001 6090
003 FISKH
005 20250310112832.0
008 250310b cb ||||| |||| 00| 0 eng d
020 _a9780545292825
040 _aFISKH
_beng
_cFISKH
_dFISKH
050 _aPZ7.S83818 D
082 _a309
100 _aStern, AJ
_d(1923–2022)
245 _aFrankly, Frannie :
_bDoggy day care /
_cBy AJ Stern ; Illustrated by Doreen Mulryan Marts
250 _aThis edition first published in 2010
260 _aNew York :
_bScholastic,
_c2010
300 _a123 pages :
_billustrations ;
_c20 cm
505 _aR
520 _aFrannie must rethink her dream of becoming a veterinarian after she and Elliott, her future assistant, cause chaos by letting her Aunt Magoo's dog, Bark, loose in a veterinarian's waiting room.'
521 8 _a770
_bLexile
521 8 _aR
_bRaz-Plus
650 _2Bigger Books
_aFrankly Frannie
650 _2Frannie Series
_aImpulsive behavior
700 _aMarts, Mulryan Doreen
_dillustrator
942 _2ddc
_cBK
_n0
999 _c6090
_d6090